MARC

LEADER 00000nab a2200000 a 4500
001 vtls000748360
003 SK-MaSNL
005 20260318122203.0
008 141112c2000 xo 0 eng
015 |a SNBRB2001/04-10261 
035 |a CLN000100186 
040 |a SNKBUCL  |b slo  |c SNKBUCL  |e AACR2 
041 0 |a eng 
044 |a xo  |c SK 
080 |a 616-082:614.2:336.121(437.6)  |2 1997 
100 1 |a Chmelík, Bohumil,  |d 1938-  |4 aut  |9 102253 
245 1 0 |a Home care - challenge for future  |c B. Chmelík 
504 |a Bibliogr. odkazy 
650 0 7 |a domáca ošetrovateľská starostlivosť  |2 snkbucl  |9 15742 
650 0 7 |a agentúry domácej ošetrovateľskej starostlivosti  |2 snkbucl  |9 15741 
650 0 7 |a prevencia primárna  |2 snkbucl  |9 842114 
650 0 7 |a prehľady zdravotníckej starostlivosti  |2 snkbucl  |9 1508901 
650 0 7 |a agentúry pre starostlivosť v domácom prostredí  |2 snkbucl  |9 1438149 
650 0 7 |a starostlivosť o pacientov, tímová  |2 snkbucl  |9 1310370 
650 0 7 |a ošetrovateľská starostlivosť  |2 snkbucl  |9 63308 
650 0 7 |a primárna zdravotná starostlivosť  |2 snkbucl  |9 93841 
651 7 |a Slovensko  |2 snkbucl  |9 14231 
655 7 |a články z novín a časopisov  |2 snkbucl  |9 267496 
773 0 |t Journal of health management and public health  |g Roč. 5, č. 1-2 (2000), s. 20-21  |x 1335-1885 
850 |a Slovenská národná knižnica v Martine 
852 |a SNK  |b KIS3GCP 
958 |a MI 
999 |c 3015779  |d 3017709